00404 2200169 4500001002100000005001500021008004100036020001800077035001900095041000700114082000800121090000800129100002400137245002200161260003600183300001500219INLIS00000000001073120241224114043241224||||||||| | ||| |||| || |  a979-407-735-6 0010-1224010731 aid0 a813 a8130 aDra.Wacih T.Karsidi00aMenuju kemenangan aJakartabPN Balai Pustakac2006 a62hlm;21cm